« Retourner aux résultats de recherche
Level 26
| Auteur principal: | Anthony E. Zuiker |
|---|---|
| Support: | Livres |
| Langue: | Francais |
| Genre: |
Roman Policier |
| Sujets: | |
| Étiquettes: |
Ajouter
Pas de Tags !
|
| LEADER | 00774nam0a2200181 450 | ||
|---|---|---|---|
| 001 | 16848349 | ||
| 010 | |a 978-2-7499-1594-4 |b Br. |d 19,95 | ||
| 100 | |a 20120214d2012 u u0frey01 ba | ||
| 101 | 0 | |a fre | |
| 102 | |a FR | ||
| 200 | 0 | |a Level 26 |f Anthony E. Zuiker | |
| 207 | 1 | |a | |
| 215 | |a 363 p. |d 24 x 16 cm | ||
| 330 | |a Si le jour Steve Dark élève seul sa fille, la nuit il part à la chasse aux monstres. Celui qu'il va affronter dans ce dernier tome emploie les moyens les plus violents dans le but de changer le monde et poste les vidéos des victimes sur Internet. | ||
| 700 | 0 | |a Zuiker |b Anthony E. |4 70 | |
| 900 | |a Roman Policier | ||
| 901 | |a Accessible au prêt | ||
| 995 | |a Bibliothèque |c Bibliothèque |f 00156006288757 |h 00156006288757 |k RP ZUI 3 |o p |q a |r az |e Bibliothèque | ||
